00885nam a2200193 i 450000100060000000300090000600500170001500700030003200800410003510000290007624500680010525000150017326000750018830000200026350503110028370000380059470000250063285200340065724934ES-MaACL20250728141539.0t|021219m19451956sp ||||1| spa d1 aAngulo Iñiguez, Diego.10aHistoria del arte hispano-americano / cDiego Angulo Iñiguez. a[1ª ed.]. aBarcelona, etc. : bSalvat, c1945-1956 (fImprenta Hispano-Americana) a3 v. ; c26 cm.8 aContiene: T. I. Los capítulos once a diecisiete / por Enrique Marco Dorta -- T. II. Los capítulos III, VI y XII / por Enrique Marco Dorta. el capítulo VII / por Mario J. Buschiazzo -- T. III. Los capítulos IV al XII / por Enrique Marco Dorta. Los capítulos XIII al XVIII / por Mario J. Buschiazzo1 aMarco Dorta, Enrique, d1911-19801 aBuschiazzo, Mario J. aES-MaACLjC-56325-7 bR.21739